<?xml version="1.0" encoding="UTF-8"?>
<collection xmlns="http://www.loc.gov/MARC21/slim">
  <record>
    <leader>00000nam  2200000   4500</leader>
    <controlfield tag="001">INLIS000000000012273</controlfield>
    <controlfield tag="005">20220418095801</controlfield>
    <datafield tag="035" ind1="#" ind2="#">
      <subfield code="a">0010-0422000155</subfield>
    </datafield>
    <datafield tag="245" ind1="1" ind2="#">
      <subfield code="a">PROPER BALIKPAPAN : Program Penilaian Peringkat Kinerja Perusahaan Dalam Pengelolaan Lingkungan Hidup Dinas Lingkungan Hidup Kota Balikpapan /</subfield>
      <subfield code="c">HARYADI, ST</subfield>
    </datafield>
    <datafield tag="100" ind1=" " ind2="#">
      <subfield code="a">HARYADI, ST</subfield>
    </datafield>
    <datafield tag="250" ind1="#" ind2="#">
      <subfield code="a">1</subfield>
    </datafield>
    <datafield tag="300" ind1="#" ind2="#">
      <subfield code="a">34 halaman ; lampiran :</subfield>
      <subfield code="b">ilustrasi ;</subfield>
      <subfield code="c">30 cm</subfield>
    </datafield>
    <datafield tag="260" ind1="#" ind2="#">
      <subfield code="a">Samarinda :</subfield>
      <subfield code="b">Puslatbang KDOD,</subfield>
      <subfield code="c">2021</subfield>
    </datafield>
    <datafield tag="084" ind1="#" ind2="#">
      <subfield code="a">PKP 251 2021</subfield>
    </datafield>
    <datafield tag="650" ind1="#" ind2="4">
      <subfield code="a">Proyek Perubahan</subfield>
    </datafield>
    <datafield tag="650" ind1="#" ind2="4">
      <subfield code="a">Kepemimpinan Pengawas</subfield>
    </datafield>
    <datafield tag="650" ind1="#" ind2="4">
      <subfield code="a">inovasi pemerintah</subfield>
    </datafield>
    <datafield tag="650" ind1="#" ind2="4">
      <subfield code="a">pengawasan lingkungan</subfield>
    </datafield>
    <datafield tag="650" ind1="#" ind2="4">
      <subfield code="a">kinerja perusahaan</subfield>
    </datafield>
    <datafield tag="650" ind1="#" ind2="4">
      <subfield code="a">sistem informasi</subfield>
    </datafield>
    <datafield tag="520" ind1="#" ind2="#">
      <subfield code="a">Laporan proyek perubahan ini menjelaskan tentang masih rendahnya tingkat ketaatan usaha/kegiatan terkait kewajiban dokumen lingkungan yang belum bisa mencerminkan kondisi pengelolaan dan pemantauan lingkungan hidup dimana pembinaan secara klasikal belum bersifat berkelanjutan serta belum adanya penghargaan terhadap usaha.kegiatan taat dalam melaksanakan pengelolaan lingkungan hidup. Proyek perubahan Program Penilaian Peringkat Kinerja Perusahaan (PROPER) adalah bentuk pengakuan kota Balikpapan terhadap perusahaan  yang baik dalam pengelolaan lingkungan hidup dan menjadi sarana dalam penyebaran informasi peningkatan kinerja penataan dan inovasi lingkungan hidup.</subfield>
    </datafield>
    <datafield tag="500" ind1="#" ind2="#">
      <subfield code="a">Coach : Muhammad Harry Rahmadi, S.Pi., MM&#13;
Penguji : Windra Mariani, SH&#13;
Mentor : Drh. Noorlenawati</subfield>
    </datafield>
    <datafield tag="990" ind1="#" ind2="#">
      <subfield code="a">PKP/251/2021</subfield>
    </datafield>
  </record>
</collection>
